| 000 | nam a22 a 4500 | ||
|---|---|---|---|
| 999 |
_c148675 _d148675 |
||
| 003 | BLK | ||
| 005 | 20230202164643.0 | ||
| 008 | 180410b bul|||||r ||||||| ||bul|| | ||
| 010 | _aKNG00154900000 | ||
| 040 | _aBLK | ||
| 041 |
_aBUL _cBUL |
||
| 080 |
_aАвстрийска литература _b821.112(436) _x-31 _z821.112(436)-31 |
||
| 100 | 1 |
_aЦенкер, Хелмут _eпърви автор _9139884 |
|
| 139 |
_aЦенкер, Хелмут _bЦ 48 |
||
| 245 | 1 | 0 |
_aДраконът Мартин _bРоман за деца _cХелмут Ценкер; прев. от нем. Ивета Милева; худож. Теодора Стойчева. |
| 257 | _aAUT | ||
| 260 |
_aСофия _bОтечество _c1982 _fСофия : Д. Благоев |
||
| 300 |
_a109 с. _bс цв. ил. _c22 см |
||
| 380 | _aDX | ||
| 500 | _aОриг. загл. Der Drache Marten. - 25 115 тир. | ||
| 653 | _aромани | ||
| 653 | _aдетска литература | ||
| 700 | 1 |
_aМилева, Ивета _eпрев. от нем. _9368858 |
|
| 700 | 1 |
_aСтойчева, Теодора _eхудож. _9379436 |
|
| 852 | _aЦб 265882 | ||
| 856 | 4 |
_qpdf _i0.00 _ldisable |
|
| 856 | 4 |
_qpdf _i0.00 _ldisable |
|
| 942 |
_cKNG _n0 _s1 |
||
| 944 |
_aCR _c21.12.2013 _l21.12.2013 - от С1,Р / 21.12.2013 _kВанина_Грозева |
||
| 944 |
_aED _c21.12.2013 _l21.12.2013 - от С1,Р / 21.12.2013 |
||
| 999 | _d148675 | ||